Dates de l'Antiquité - Statistiques

Statistiques générales
  • Ce quiz a été pris 59 fois
  • Le résultat moyen est 5 sur 31
Statistiques - réponses
Date Événement % Correct
-52 bataille d'Alésia
68%
-753 Fondation de Rome
55%
476 Chute de l'empire romain d'occident
53%
-44 assassinat de Jules César
32%
-490 bataille de Marathon
32%
-31 bataille d'Actium
28%
-480 bataille des Thermopyles
28%
-480 bataille de Salamine
26%
-58 à -52 guerre des Gaules
26%
-52 bataille de Gergovie
25%
-509 Fin de la monarchie et début de la république
19%
-479 bataille de Platées
17%
-202 bataille de Zama
15%
-27 début de l'Empire
15%
79 éruption du Vésuve, destruction de Pompéi et Herculanum
15%
-216 bataille de Cannes
13%
-73 à -71 révolte de Spartacus, soulèvement d'esclaves
11%
212 édit de Caracalla
9%
64 Grand incendie de Rome sous Néron
9%
-331 bataille de Gaugamèles
8%
378 bataille d'Andrinople
6%
-48 bataille de Pharsale
6%
313 édit de Milan / de Constantin
6%
-42 Bataille de Philippes
4%
-217 bataille du lac Trasimène
4%
-63 conjuration de Catilina
4%
80 Inauguration du Colisée sous Titus
4%
69 année des 4 empereurs
2%
410 Pillage de Rome par Alaric (wisigoths)
2%
-390 pillage de Rome par Brennus (Gaulois)
2%
-334 bataille de Granique
0%
Aucun quiz correspondant
Distribution des résultats
% des personnes avec chaque résultat
Percentile par nombre de réponses
Votre historique - résultats
Vous n’avez pas pris ce quiz